LEADER 01325nam a2200289 u 4500 001 000000019202 003 CaOOAMICUS 005 20070226110748.0 008 950114s1994 it u000 u ita u 035 $a10460779 040 $aBAV$bita$dPUL(R) 100 1 $aGisondi, Francesco Antonio,$d1930-$0(OLS)http://pul/name/16881 245 10$aInnocenzo XII :$bAntonio Pignatelli (Spinazzola 1615-Roma 1700) : "i miei nepoti sono i poveri" /$cFrancesco Antonio Gisondi. 260 $aRoma :$b"Deus et dies",$c1994. 300 $a255 p. :$bill. ;$c25 cm 504 $aComprende indicazioni bibliografiche. 600 04$aInnocentius PP.$bXII,$d1615-1700.$0(OLS)http://pul/subject/8005 850 $aPUL 852 $aPUL$W1$xSL Filosofia 1$y2$m111 F 46$j27040$nBK-PRI$b $qStampati$B27040$CPULBib$Z2$F27040 $H $81 941 1 $a8 960 $aPapi (1691-1700 : Innocentius PP. XII)$98005 960 $aPapi (1691-1700 : Innocentius PP. XII)$98005 960 $aInnocenzo$bXII,$cpapa,$d1615-1700$98005 960 $aPignatelli, Antonio,$d1615-1700$98005 961 $aINV: 76571 996 $6245$aInnocenzo XII :$bAntonio Pignatelli (Spinazzola 1615-Roma 1700) : "i miei nepoti sono i poveri"$9(OLS)http://pul/title/27199 996 $6260$aRoma :$b"Deus et dies"$9(OLS)http://pul/publisher/56083 LEADER 01360nam a2200277 a 4500 001 000000174860 003 CaOOAMICUS 005 20220114103827.0 008 211206s2021 it hoa u000 u ita r 020 $a978-88-6778-156-0* 032 $aLibriCat 040 $aPUL$bita 082 04$a261.8 100 1 $aTosi, Luciano.$0(OLS)http://pul/name/77108 245 10$aImmagini e preghiere "in tempore belli" : $bsostegno alla guerra e aspirazione alla pace nei santini italiana dal primo al secondo conflitto mondiale /$cLuciano Tosi. 260 $aPerugia :$bFabrizio Fabbri,$cİ2021. 300 $a159 p. :$bfacs., fotogr., ill. ;$c26 cm 650 4$aGuerra mondiale, 1914-1918$xAspetti morali e religiosi.$0(OLS)http://pul/subject/3059 850 $aPUL 852 $aPUL$W1$xDP2 Religione 3$y114$m261. 8 TOSLU 1$j199156$qDDC 21$B203806$CPULBib$Z2$F203806 $H135224 $82 941 1 $a9 996 $6020$a978-88-6778-156-0*$9(OLS)http://pul/number/168410 996 $6082$a261.8$9(OLS)http://pul/classification/367 996 $6245$aImmagini e preghiere "in tempore belli" : $bsostegno alla guerra e aspirazione alla pace nei santini italiana dal primo al secondo conflitto mondiale$9(OLS)http://pul/title/216225 996 $6260$aPerugia :$bFabrizio Fabbri$9(OLS)http://pul/publisher/87458